LEADER 01374nam a2200289 i 4500 001 000000130616 003 CaOOAMICUS 005 20080327000000.0 008 080327s1972 it u000 u ita u 013 $a103351 040 $aSeMil$bita 100 1 $aLewis, Joan Myrddin.$0(OLS)http://semarc/name/54017 240 10$aEcstatic religion. An anthropological study of spirit possession and shamanism.$0(OLS)http://semarc/title/192360 245 13$aLe religioni estatiche :$bstudio antropologico sulla possessione spiritica e sullo sciamanismo /$cIoan M. Lewis ; traduzione di Francesco Cardelli. 260 $aRoma :$bUbaldini,$cCopyr. 1972. 300 $a182 p. ;$c21 cm. 490 0 $aUlisse : collana di studi umanistici 500 $aContiene : Bibliografia. 650 4$aAntropologia religiosa.$0(OLS)http://semarc/subject/2795 650 4$aSciamanismo.$0(OLS)http://semarc/subject/25762 700 1 $aCardelli, Francesco.$0(OLS)http://semarc/name/43340 830 0$aUlisse.$0(OLS)http://semarc/title/18537 850 $aSeMil 852 $aSeMil$W1$xVenegono$y1$m2R II 200$j84656$B84656$CSeMilBibl$Z2$F120234 $81 961 $aOmaggio: Altro 996 $6245$aLe religioni estatiche :$bstudio antropologico sulla possessione spiritica e sullo sciamanismo$9(OLS)http://semarc/title/192359 996 $6260$aRoma :$bUbaldini$9(OLS)http://semarc/publisher/31419 LEADER 01005nam a2200229 i 4500 001 000000192966 003 CaOOAMICUS 005 20240408102441.0 008 110309s1973 fr u000 u fre u 013 $a171604 040 $aSeMil$bita 100 1 $aPoteranski, Waclaw.$0(OLS)http://semarc/name/70317 245 13$aLe ghetto de Varsovie :$bÉdité à l'occasion du 30. Anniversaire de la lutte armée au ghetto en 1943 /$cWaclaw Poteranski. 260 $aVarsavia :$bInterpress,$c1973. 300 $a78 p. :$bill. ;$c20 cm. 650 4$aVarsavia - Ghetto - 1939-1944.$0(OLS)http://semarc/subject/34632 850 $aSeMil 852 $aSeMil$W1$xVenegono$y1$m5D VIII 14/20$j143540$B143540$CSeMilBibl$Z2$F160639 $81 961 $aOmaggio: Altro 996 $6245$aLe ghetto de Varsovie :$bÉdité à l'occasion du 30. Anniversaire de la lutte armée au ghetto en 1943$9(OLS)http://semarc/title/278165 996 $6260$aVarsavia :$bInterpress$9(OLS)http://semarc/publisher/48668